Quiz Coupe du Monde 2014 - Statistiques

Statistiques générales
  • Ce quiz a été pris 109 fois
  • Le résultat moyen est 15 sur 28
Statistiques - réponses
Hint Réponse % Correct
Pour la 1ère fois au XXIe siècle, la Coupe du Monde revient sur le continent sud-américain. Quel était le dernier pays de ce continent à avoir accueilli cet événement ? Argentine
98%
Cette Coupe du Monde voit l'affrontement entre les finalistes de la dernière édition ? Qui étaient-ils ? Espagne
82%
Qui est élu meilleur gardien ? Manuel Neuer
81%
Pays-Bas
80%
Quelle est l'affiche de la finale ? Allemagne-Argentine
79%
Qui est l'unique buteur de la finale ? Mario Götze
77%
Quelles sont les deux équipes africaines qualifiées pour les huitièmes de finale ? Algérie
76%
Quelle est la particularité du premier but inscrit lors de cette Coupe du Monde ? CSC
74%
En quelle année l'avait-il organisé ? 1978
72%
Qui est le meilleur buteur de l'Allemagne sur cette édition de la Coupe du Monde ? Thomas Müller
70%
Quels joueurs inscrivent un doublé dans ce remake de la finale précédente ? Robin Van Persie
69%
Arjen Robben
68%
Qui est élu meilleur joueur du tournoi ? Lionel Messi
67%
Contre quelle équipe inscrit-il le plus beau but de la compétition ? Uruguay
63%
Pour la première fois de son Histoire, le Costa Rica atteint ce tour de la compétition : Quart de finale
61%
Nigeria
57%
Qui est le meilleur buteur du tournoi ? James Rodriguez
53%
Lors de la demi-finale Brésil-Allemagne, quel est le score à la mi-temps ? 0-5
51%
Quelle technologie est utilisée pour la première fois lors de ce Mondial ? Goal Line Technology
49%
Au cours de ce match, Miroslav Klose devient le meilleur buteur de l'Histoire de la Coupe du Monde. Dans quel club évoluait-il à ce moment-là ? Lazio Rome
44%
Quelle est l'affiche du match d'ouverture ? Brésil-Croatie
41%
Quelle équipe élimine-t-il au tour précédent ? Grèce
23%
Quel pays participe pour la première fois à la Coupe du Monde lors de cette édition ? Bosnie-Herzégovine
21%
Quelle est la chanson officielle de cette Coupe du Monde ? We are One
21%
Quel est le nom du ballon officiel de cette Coupe du Monde 2014 ? Brazuca
20%
Lors de quelle rencontre ? France-Honduras
19%
Quel gardien établit le record du nombre d'arrêts effectués (16) au cours d'un match en Coupe du Monde ? Tim Howard
18%
Lors de quelle rencontre établit-il ce record ? Belgique-USA
13%
Aucun quiz correspondant
Distribution des résultats
% des personnes avec chaque résultat
Percentile par nombre de réponses
Votre historique - résultats
Vous n’avez pas pris ce quiz